| 000 | 01481cam a22003254a 4500 | ||
|---|---|---|---|
| 090 | _c0 | ||
| 001 | 12435297 | ||
| 005 | 20040621201137.0 | ||
| 008 | 010608s2002 nyua b 001 0 eng | ||
| 010 | _a 2001026914 | ||
| 020 | _a0471395935 (cloth : alk. paper) | ||
| 040 |
_aDLC _cDLC _dDLC |
||
| 042 | _apcc | ||
| 050 | 0 | 0 |
_aTA646 _b.W35 2002 |
| 082 | 0 | 0 |
_a624.1 _221 _bWAL |
| 100 | 1 | _aWallerstein, David V. | |
| 245 | 1 | 2 |
_aA variational approach to structural analysis / _cDavid V. Wallerstein. |
| 260 |
_aNew York : _bWiley, _cc2002. |
||
| 300 |
_axiv, 405 p. : _bill. ; _c24 cm. |
||
| 500 | _a"A Wiley-Interscience publication." | ||
| 504 | _aIncludes bibliographical references (p. 396-399) and index. | ||
| 650 | 0 | _aStructural analysis (Engineering) | |
| 650 | 0 | _aCalculus of variations. | |
| 856 | 4 | 2 |
_3Contributor biographical information _uhttp://www.loc.gov/catdir/bios/wiley044/2001026914.html |
| 856 | 4 | 2 |
_3Publisher description _uhttp://www.loc.gov/catdir/description/wiley036/2001026914.html |
| 856 | 4 |
_3Table of Contents _uhttp://www.loc.gov/catdir/toc/onix07/2001026914.html |
|
| 942 |
_2ddc _cBB |
||
| 999 |
_c10571 _d10571 |
||